| 000 | 00336nam a22001457a 4500 | ||
|---|---|---|---|
| 003 | SGT | ||
| 020 | _a978-93-272-2794-9 | ||
| 082 |
_a631.52 _bCHA |
||
| 100 | _aCHAKRABORTI, S.P. | ||
| 245 | _aA TEXTBOOK ON MULBERRY BREEDING AND GENETICS | ||
| 260 |
_aDELHI _bKALYANI _c2013 |
||
| 300 | _a195 | ||
| 650 | _aGENETICS | ||
| 942 |
_2ddc _cBK |
||
| 999 |
_c25689 _d25689 |
||